التوفيقات العلية في موافقة الشهور العربية بالشهور الميلادية للقرنين الرابع عشر والخامس عشر الهجري مع اسم اليوم الذي يولد فيه الهلال لكل شهر قمري / (رقم التسجيلة. 32004)

تفاصيل مارك
000 -LEADER
fixed length control field 00767nam a22001817a 4500
005 - DATE AND TIME OF LATEST TRANSACTION
control field 20251108165820.0
008 - FIXED-LENGTH DATA ELEMENTS--GENERAL INFORMATION
fixed length control field 250721s1990 xx 000 0 ara d
082 14 - DEWEY DECIMAL CLASSIFICATION NUMBER
Classification number م/529.3/عبد
100 1# - MAIN ENTRY--PERSONAL NAME
Personal name هاشم، عبد العزيز سعيد
245 10 - TITLE STATEMENT
Title التوفيقات العلية في موافقة الشهور العربية بالشهور الميلادية للقرنين الرابع عشر والخامس عشر الهجري مع اسم اليوم الذي يولد فيه الهلال لكل شهر قمري /
264 1# - PRODUCTION, PUBLICATION, DISTRIBUTION, MANUFACTURE, AND COPYRIGHT NOTICE
Place of production, publication, distribution, manufacture القاهرة :
Name of producer, publisher, distributor, manufacturer مكتبة وهبة،
Date of production, publication, distribution, manufacture, or copyright notice 1990.
300 ## - PHYSICAL DESCRIPTION
Extent 415ص
650 17 - SUBJECT ADDED ENTRY--TOPICAL TERM
Topical term or geographic name as entry element التقاويم
650 17 - SUBJECT ADDED ENTRY--TOPICAL TERM
Topical term or geographic name as entry element التقويم الهجري
650 17 - SUBJECT ADDED ENTRY--TOPICAL TERM
Topical term or geographic name as entry element التقويم الميلادي
942 ## - ADDED ENTRY ELEMENTS (KOHA)
Source of classification or shelving scheme Dewey Decimal Classification
Koha item type مراجع
المقتنيات
حالة السحب حالة الفقدان مصدر التصنيف حالة التلف غير قابل للإعارة المكتبة الرئيسية المكتبة الحالية موقع الرف تاريخ التزويد الرقم المتسلسل Total Checkouts رقم الإستدعاء الباركود تاريخ آخر ظهور تاريخ الفاتورة نوع المادة (كوها)
    Dewey Decimal Classification   Not For Loan المكتبة المركزية المكتبة المركزية مراجع 06/07/2004 172089   م/529.3/عبد 172089 28/07/2025 06/07/2004 مراجع
Implemented & Customized by: BBB with SCIT (Smart Chains for Information Technology)

Powered by Koha